000 00374 a2200169 4500
001 74703
020 _a8532245757
040 _cAnchieta - Colégio São Paulo
100 _aGomes, Álvaro Cardoso
240 1 0 _aA grande decisão
_lIng
245 1 0 _aA grande decisão
300 _a143
362 0 _a2003
440 1 _aFTD
650 4 _aLiteratura juvenil
942 _cBK
999 _c74703
_d74703